| 000 -ლიდერი |
| ფიქსირებული სიგრძის საკონტროლო ველი |
01355nam a22002537a 4500 |
| 003 - საკონტროლო ნომრის იდენტიფიკატორი |
| საკონტროლო ველი |
Ge_BSU |
| 005 - ბოლო ოპერაციის თარიღი და დრო |
| საკონტროლო ველი |
20250320130218.0 |
| 008 - ფიქსირებული სიგრძის მონაცემთა ელემენტები - ზოგადი ინფორმაცია |
| ფიქსირებული სიგრძის საკონტროლო ველი |
250318s2001 ge ||||| |||| 00| 0 geo d |
| 041 ## - ენის კოდი |
| Language code of text/sound track or separate title |
geo |
| 080 ## - უნივერსალური ათობითი კლასიფიკაციის ინდექსი |
| Universal Decimal Classification number |
616-053.2(075.8) პ-25 |
| 100 ## - მთავარი ჩანაწერი - პიროვნების სახელი |
| Personal name |
ბერიძე, ქ. |
| 9 (RLIN) |
24600 |
| 245 ## - ცნობა სათაურის შესახებ |
| Title |
პედიატრია : |
| Remainder of title |
[სახელმძღვ. სამედ. უნ-ტისა და ინ-ტების სპეც. სტუდ.] / |
| Statement of responsibility, etc |
ავტ. ჯგუფი: ქ. ბერიძე, თ. გერაძე, ბ. გოგობერიშვილი [და სხვ.] ; ლ. ქერქაძის რედ. |
| 264 ## - წარმოების, გამოცემის, დისტრიბუციის და სხვა ცნობები |
| გამოცემის, წარმოების, დისტრიბუციის... ადგილი |
[თბ.] : |
| გამოცემის, წარმოების, დისტრიბუციის... სახელწოდება |
მედეა, |
| გამოცემის, წარმოების, დისტრიბუციის... თარიღი |
2001. |
| 300 ## - ფიზიკური აღწერა |
| Extent |
336 გვ. : |
| Other physical details |
სურ. ; |
| Dimensions |
22 სმ. |
| 653 ## - INDEX TERM--UNCONTROLLED |
| Uncontrolled term |
პედიატრია |
| 653 ## - INDEX TERM--UNCONTROLLED |
| Uncontrolled term |
მედიცინა |
| 700 ## - ADDED ENTRY--PERSONAL NAME |
| Personal name |
გერაძე, თ. |
| Relator term |
ავტორი |
| 9 (RLIN) |
24601 |
| 700 ## - ADDED ENTRY--PERSONAL NAME |
| Personal name |
გოგობერიშვილი, ბ. |
| Relator term |
ავტორი |
| 9 (RLIN) |
24603 |
| 700 ## - ADDED ENTRY--PERSONAL NAME |
| Personal name |
დაფქვიაშვილი, ნ. |
| Relator term |
ავტორი |
| 9 (RLIN) |
24604 |
| 700 ## - ADDED ENTRY--PERSONAL NAME |
| Personal name |
დიდებულიძე, დ. |
| Relator term |
ავტორი |
| 9 (RLIN) |
14778 |
| 700 ## - ADDED ENTRY--PERSONAL NAME |
| Personal name |
დუმბაძე, დ. და სხვ. |
| Relator term |
ავტორი |
| 9 (RLIN) |
24605 |
| 700 ## - ADDED ENTRY--PERSONAL NAME |
| Personal name |
ქერქაძე, ლ. |
| Relator term |
რედაქტორი |
| 9 (RLIN) |
24602 |
| 942 ## - ADDED ENTRY ELEMENTS (KOHA) |
| Source of classification or shelving scheme |
|
| Koha item type |
წიგნი |